000 00476nam a2200169Ia 4500
003 IN-BaIIA
008 211028s9999 xx 000 0 eng d
040 _cIIA Library
080 _a517.52
_bRAI
100 _aRainville, Earl D.
_94968
245 0 _aInfinite series
_cEarl D. Rainville
260 _aNew York
_bMacmillan
_c1967
300 _axii, 265p.
650 _aInfinite series
_94521
650 _aNASA Thesaurus
942 _cBK
999 _c2776
_d2776